000 00276nam a2200109Ia 4500
008 230320s9999||||xx |||||||||||||| ||spa||
082 _a182/E53
100 _aEmpedocles
245 0 _aSobre La Naturaleza De Los Seres : Las Purificaciones
260 _bAguilar
942 _80
_cLIB
999 _c26100
_d26100